Green Human Resource Management Practices and Covid 19: How Do Organizations Respond?/ (Record no. 609334)
[ view plain ]
| 000 -LEADER | |
|---|---|
| fixed length control field | 00532nam a22001577a 4500 |
| 003 - CONTROL NUMBER IDENTIFIER | |
| control field | NUST |
| 082 ## - DEWEY DECIMAL CLASSIFICATION NUMBER | |
| Classification number | 200 |
| 100 ## - MAIN ENTRY--PERSONAL NAME | |
| Personal name | Zia, Nabeeha |
| 245 ## - TITLE STATEMENT | |
| Title | Green Human Resource Management Practices and Covid 19: How Do Organizations Respond?/ |
| Statement of responsibility, etc. | Nabeeha Zia, |
| 264 ## - PRODUCTION, PUBLICATION, DISTRIBUTION, MANUFACTURE, AND COPYRIGHT NOTICE | |
| Place of production, publication, distribution, manufacture | Islamabad, |
| Name of producer, publisher, distributor, manufacturer | NBS NUST, |
| Date of production, publication, distribution, manufacture, or copyright notice | 2024. |
| 300 ## - PHYSICAL DESCRIPTION | |
| Extent | 227,p; |
| Other physical details | ill; |
| Dimensions | 30,cm. |
| 690 ## - LOCAL SUBJECT ADDED ENTRY--TOPICAL TERM (OCLC, RLIN) | |
| Topical term or geographic name as entry element | Management and Human Resource |
| 700 ## - ADDED ENTRY--PERSONAL NAME | |
| Personal name | Supervisor:Dr. Ayesha Abrar |
| 856 ## - ELECTRONIC LOCATION AND ACCESS | |
| Uniform Resource Identifier | <a href="http://10.250.8.41:8080/xmlui/handle/123456789/43543">http://10.250.8.41:8080/xmlui/handle/123456789/43543</a> |
| 942 ## - ADDED ENTRY ELEMENTS (KOHA) | |
| Source of classification or shelving scheme | |
| Koha item type | Thesis |
| Withdrawn status | Permanent Location | Current Location | Date acquired | Full call number | Barcode | Koha item type |
|---|---|---|---|---|---|---|
| Central Library (CL) | Central Library (CL) | 05/28/2024 | 200 | CL-T-7149 | Thesis |
